Top 5 Immigrant Groups by Country - Statistics

General Stats
  • This quiz has been taken 67 times
  • The average score is 31 of 40
Answer Stats
Country Immigrant Population (by thousands) Country of Origin % Correct
United States of America 2,688 India
98%
United Kingdom 777 India
98%
Saudi Arabia 2,502 India
98%
United States of America 10,932 Mexico
98%
United States of America 2,250 China
96%
Japan 873 China
96%
United Kingdom 540 Pakistan
93%
Saudi Arabia 1,484 Pakistan
93%
Russia 597 Ukraine
93%
France 1,637 Algeria
89%
France 1,060 Morocco
89%
France 340 Turkey
87%
Saudi Arabia 1,278 Bangladesh
85%
Japan 409 South Korea
84%
Brazil 98 Colombia
80%
United Kingdom 322 Germany
80%
Greece 117 Germany
80%
Japan 634 Vietnam
80%
Russia 428 Belarus
78%
United States of America 2,045 Philippines
78%
Japan 342 Philippines
78%
United Kingdom 703 Poland
78%
France 445 Tunisia
78%
Brazil 526 Venezuela
78%
Brazil 95 Argentina
76%
Saudi Arabia 962 Egypt
75%
United Kingdom 503 Ireland
75%
Japan 212 Brazil
71%
Saudi Arabia 1,701 Indonesia
71%
Russia 1,626 Uzbekistan
71%
Greece 447 Albania
67%
Greece 74 Bulgaria
67%
France 640 Portugal
67%
Brazil 172 Bolivia
65%
Greece 55 Russia
60%
Greece 85 Georgia
56%
Russia 681 Kyrgyzstan
56%
Russia 1,263 Tajikistan
56%
United States of America 1,412 El Salvador
47%
Brazil 181 Haiti
47%
No matching quizzes found
Score Distribution
Percent of People with Each Score
Percentile by Number Answered
Your Score History
You have not taken this quiz